| 000 | 00367cam a2200145ua 4500 | ||
|---|---|---|---|
| 041 |
_aeng _h |
||
| 082 |
_a621.3 _bYAN/BA |
||
| 100 | _aYankovsky, George . | ||
| 245 | 0 | 0 |
_aBasic electrical engineering / _cGeroge Yankovsky. _hTextual Documents |
| 260 |
_aMoscow : _bPeace Publishers , _c1960. |
||
| 300 | _a ; . | ||
| 504 | _a | ||
| 942 | _cBK | ||
| 999 |
_c13562 _d13562 |
||